Fuentes del yo. La construcción de la identidad moderna

Guardat en:
Dades bibliogràfiques
Autor principal: Taylor, Charles (Autor)
Format: Llibre
Idioma:espanyol
Publicat: Barcelona, España. Paidós, 2006
Col·lecció:Surcos,
Matèries:
Etiquetes: Afegir etiqueta
Sense etiquetes, Sigues el primer a etiquetar aquest registre!

MARC

LEADER 00000cam a2200000 a 4500
001 UCC9606
003 CL-VaPUC
005 20211124074158.0
008 191010e20060000sp |||||||||||||||||spa|d
999 |c 375754  |d 375752 
020 |a `9788449318481 
040 |c Pontificia Universidad Católica de Valparaíso 
082 0 4 |a 126 TAY 2006  |2 21 
100 0 |a Taylor, Charles  |e author  |9 445 
245 1 0 |a Fuentes del yo.  |b La construcción de la identidad moderna 
260 |a Barcelona, España.   |b Paidós,  |c 2006 
300 |a 795 páginas  
440 |a Surcos,   |n 21  |9 857089 
583 |a last modification  |c 20191010 15:29:00  |k Rodrigo Vera 
650 0 |a Ego  |9 310449 
650 0 |a Identidad   |9 336178 
650 0 |a Comportamiento moral  |9 334569 
650 0 |a Naturaleza humana   |9 308593 
852 |a BIBGIM 
942 |c BK  |2 ddc 
945 |d 20191010 15:29:00  |a cmena 
952 |0 0  |1 0  |3 erb  |4 0  |6 126_000000000000000_TAY_2006  |7 0  |8 A  |9 494803  |a BIBGIM  |b BIBGIM  |d 2019-10-19  |e 2  |g 41445.00  |i 5562996  |l 10  |m 9  |o 126 TAY 2006  |p 5562996  |r 2025-03-27  |s 2025-03-13  |v 41445.00  |w 2019-11-24  |y BK  |z Catalogado en:20191010  |k SSL